000
00285nam a22001337a 4500
008
170210b xxu||||| |||| 00| 0 eng d
020
_a
403705848609
041
_a
eng
080
_a
61
100
_a
4
101
_a
SHM
245
_a
DIABETES SOURCEBOOK
_c
GUTHRIE.W
942
_2
udc
_c
BK
999
_c
5171
_d
5171